| 000 | 01864nam0a2200385 4500 | ||
|---|---|---|---|
| 001 | RU\NLR\BIBL_A\012183582 | ||
| 005 | 20200203172709.0 | ||
| 010 |
_a978-5-17-119477-2 _93000 |
||
| 021 |
_aRU _bКН-П-19-095834 _9КН-П-19-7028 |
||
| 035 | _a(NLR Aleph) 012183582 | ||
| 035 | _a(RuMoRGB)010197928 | ||
| 090 |
_a12286258 _c12286258 |
||
| 100 | _a20200122d2019 d y0rusy50 ca | ||
| 101 | 0 | _arus | |
| 102 | _aRU | ||
| 105 | _aach z 010zy | ||
| 181 | 0 |
_ai _baxxe |
|
| 182 | 0 | _an | |
| 200 | 1 |
_aВоспоминания без цензуры. Солдатский долг _eписьма и фото из семейного архива, комментарии родных: К. В. Рокоссовский, А. К. Рокоссовская _fК. К. Рокоссовский |
|
| 203 |
_aТекст _bвизуальный _cнепосредственный |
||
| 210 |
_aМосква _cАСТ _d2019 (макет 2020) |
||
| 215 |
_a445, [2] с., [8] л. ил., портр., факс. _cил. _d21 |
||
| 225 | 1 | _a75 лет Великой Победы | |
| 225 | 1 | _aПолная хроника | |
| 333 | _a12+ | ||
| 517 | 1 | _aСолдатский долг | |
| 600 | 1 |
_aРокоссовский _bК.К. _gКонстантин Константинович _f1896 - 1968 _2nlr_sh1 _2nlr_sh2 _3RU\NLR\AUTH\661255357 |
|
| 686 | 1 | _aЦ35(2)722-424дРокоссовский,013 | |
| 700 | 1 |
_aРокоссовский _bК. К. _f1896-1968 _gКонстантин Константинович _3RU\NLR\AUTH\7755473 |
|
| 702 | 1 |
_aРокоссовский _bК. В. _f1952- _gКонстантин Вильевич _4210 |
|
| 702 | 1 |
_aРокоссовская _bА. К. _f1980- _gАриадна Константиновна _4210 |
|
| 942 | _cBOOK | ||
| 980 | _aNB | ||